| 000 | 01054nam a2200289 a 4500 | ||
|---|---|---|---|
| 001 | 000048675 | ||
| 003 | DO-SdBNP | ||
| 005 | 20240509120303.0 | ||
| 008 | 180703s2016 dr 000 0 spa d | ||
| 020 | _a9789945167542 | ||
| 040 |
_aDO-SdBNP _bspa _cBNPHU |
||
| 082 | 4 |
_a361.61 _bD919i, 2017 _222 |
|
| 100 | 1 |
_aDunker L., José, _d1943- _91027 |
|
| 245 | 1 | 0 |
_aIdeología del bien común : _bmanifiesto por una nueva República Domincana / _cJosé Dunker L. ; prólogo José Luis Taveras. |
| 260 |
_aSanto Domingo, : _bBúho, _c2016. |
||
| 300 |
_a164 p. ; _c23 cm. |
||
| 504 | _aBibliografía : p. 147-164 | ||
| 505 | 0 |
_aCuestiones sociales -- _tCuestiones históricas -- _tCuestiones ideológicas -- _tBibliografía. |
|
| 590 | _aInventariado, 2019/VM | ||
| 650 | 0 |
_aIdeología _99534 |
|
| 650 | 0 |
_aJusticia social _96078 |
|
| 651 | 4 |
_aRepública Dominicana _xAspectos sociales _946 |
|
| 651 | 4 |
_aRepública _xHistoria _982015 |
|
| 700 | 1 |
_aTaveras, José Luis _epról. _910080 |
|
| 910 | _aValidado. Control de calidad MFF | ||
| 942 |
_2ddc _cLBS1 |
||
| 999 |
_c48163 _d48163 |
||